Универсальные обертывающие алгебры

書誌詳細
第一著者: Диксмье Ж.
その他の著者: Бахтурин Ю. А. (переводчик), Желобенко Д. П. (редактор)
言語:ロシア語
出版事項: Москва, Мир, 1978
主題:
フォーマット: 図書
KOHA link:https://koha.lib.tpu.ru/cgi-bin/koha/opac-detail.pl?biblionumber=684746

MARC

LEADER 00000nam0a2200000 4500
001 684746
005 20260209134758.0
090 |a 684746 
100 |a 20260209d1978 k||y0rusy50 ca 
101 1 |a rus  |c fre 
102 |a RU 
105 |a y z 001yy 
181 0 |a i   |b  e  
182 0 |a n 
183 0 |a nc  |2 RDAcarrier 
200 1 |a Универсальные обертывающие алгебры  |f Ж. Диксмье  |g пер. с фр. Ю. А. Бахтурина, под ред. Д. П. Желобенко 
203 |a Текст  |b визуальный  |c непосредственный 
210 |a Москва  |c Мир  |d 1978 
215 |a 408 с. 
283 |a volume  |2 RDAcarrier 
320 |a Список литературы: с. 388-400 
606 |a Алгебра высшая  |9 30432 
610 1 |a алгебры Ли 
610 1 |a подалгебры 
610 1 |a примитивные идеалы 
610 1 |a модули Верма 
610 1 |a двусторонние идеалы 
675 |a 512.5  |v 4 
700 1 |a Диксмье  |b Ж. 
702 1 |4 730  |a Бахтурин  |b Ю. А. 
702 1 |4 340  |a Желобенко  |b Д. П. 
801 0 |a RU  |b 63413507  |c 20260209 
830 |a Ретро2026Каталогизация Мотырева 
850 |a 63413507 
942 |c BK